| 000 | 00690nam a2200241Ia 4500 | ||
|---|---|---|---|
| 003 | OSt | ||
| 005 | 20220926014016.0 | ||
| 006 | a|||||r|||| 00| 0 | ||
| 007 | ta | ||
| 008 | 220923b |||||||| |||| 00| 0 eng d | ||
| 037 | _cGeneral Book | ||
| 040 |
_aRTL _cRTL _beng |
||
| 041 |
_2eng _aeng |
||
| 082 | _aX75.3.K, F8 | ||
| 100 |
_aEhrenberg Richard _9319494 |
||
| 245 | 0 |
_aCapital and finance in the age of renaissance _b A s |
|
| 260 |
_aNew York _bKelley U S A _c1928 |
||
| 300 |
_a390p. _ccm. |
||
| 490 | _aReprinte of economic classics | ||
| 650 |
_aPublic Loan _9235070 |
||
| 942 |
_hX75.3.K, F8 _cGB _2CC |
||
| 999 |
_c627473 _d627473 |
||